00625nam a2200181Ia 4500008004100000082001100041100002100052245003200073260003900105300001100144500002400155650001600179700001800195942000700213952010300220952010300323999001700426230524s9999 xx 000 0 und d a4bICE aThomas A.DeMassa 0aDigital Integrated Circuits aNEW DELHIbJohn Wiley & Sonsc1998 aXI;589 aQuantity Number: 2 aElectronics a Zack Ciccone cBK 00104070aTATCLbTATCLcGENd2023-05-24l0o004 ICEp16957r2023-05-24w2023-05-24yBKzCPEC5203 00104070aTATCLbTATCLcGENd2023-05-24l0o004 ICEp16958r2023-05-24w2023-05-24yBKzCPEC5203 c37291d37291